International human resource management: Policies and practices for multinational enterprises (Record no. 1224439)

MARC details
000 -LEADER
fixed length control field 00745nam a2200229Ia 4500
005 - DATE AND TIME OF LATEST TRANSACTION
control field 20241129104113.0
008 - FIXED-LENGTH DATA ELEMENTS--GENERAL INFORMATION
fixed length control field 241129s9999||||xx |||||||||||||| ||und||
020 ## - INTERNATIONAL STANDARD BOOK NUMBER
International Standard Book Number 9781138489509
037 ## - SOURCE OF ACQUISITION
Stock number Textual
040 ## - CATALOGING SOURCE
Original cataloging agency RTL
Language of cataloging eng
Transcribing agency RTL
041 ## - LANGUAGE CODE
Language code of text/sound track or separate title eng
Source of code eng
084 ## - COLON CLASSIFICATION NUMBER
Classification number X:9-8.1 Q2;R2
Assigning agency RTL
100 ## - MAIN ENTRY--PERSONAL NAME
Personal name Tarique Ibraiz; Briscoe Dennis R; Schuler Randall S
9 (RLIN) 724785
245 #0 - TITLE STATEMENT
Title International human resource management: Policies and practices for multinational enterprises
Statement of responsibility, etc. Tarique Ibraiz; Briscoe Dennis R; Schuler Randall S
250 ## - EDITION STATEMENT
Edition statement 6th
260 ## - PUBLICATION, DISTRIBUTION, ETC.
Place of publication, distribution, etc. New York
Name of publisher, distributor, etc. Routledge
Date of publication, distribution, etc. 2022
300 ## - PHYSICAL DESCRIPTION
Extent xx,502p.
365 ## - TRADE PRICE
Price type code INR
Price amount 6975.09
650 ## - SUBJECT ADDED ENTRY--TOPICAL TERM
Topical term or geographic name entry element Commerce
942 ## - ADDED ENTRY ELEMENTS (KOHA)
Koha item type Textbook
Classification part X:9-8.1 Q2;R2
Holdings
Withdrawn status Lost status Damaged status Not for loan Home library Current library Date acquired Source of acquisition Cost, normal purchase price Inventory number Total Checkouts Full call number Barcode Date last seen Price effective from Koha item type
        Ratan Tata Library Ratan Tata Library 2024-11-29 Classic Book Service 6975.09 134 & 27/01/2023   X:9-8.1 Q2;R2 RT1502375 2024-11-29 2024-11-29 Textbook
Copyright @ Delhi University Library System